000 00653naa a2200229 4500
999 _c270
_d270
001 270
003 BD-JhCC
005 20221018134024.0
008 171003s19902015bg ||||| ||a| 00| 0 eng d
020 _a9789844042988
035 _a(BD-JhCC)270
040 _aBD-JhCC
_dBD-JhCC
041 _aben
082 _a891.443
_bAHA 2015
100 _aআহমেদ, হুমায়ূন
245 _aঅয়োময় /
_bহুমায়ূন আহমেদ
260 _aঢাকা :
_bঢাকা প্রিন্টার্স,
_c2015
300 _a64 p. :
_c21 cm.
651 _aBengali Novel
942 _2ddc
_cBK
_05